[Event "Wch U20"]
[Site "Baguio City"]
[Date "1987.??.??"]
[Round "?"]
[White "Anand, Viswanathan"]
[Black "Agdestein, Simen"]
[Result "1-0"]
[WhiteElo "2505"]
[BlackElo "2565"]
[Annotator "Narayanan,Srinath"]
[PlyCount "75"]
[EventDate "1987.07.??"]
[EventType "swiss"]
[EventRounds "13"]
[EventCountry "PHI"]
[SourceTitle "EXT 1997"]
[Source "ChessBase"]
[SourceDate "1996.11.15"]
[SourceVersion "1"]
[SourceVersionDate "1996.11.15"]
[SourceQuality "1"]

1. e4 Nc6 2. Nf3 e5 (2... d6 {if Black wants to attempt to keep the game into
less traversed areas.}) 3. Bb5 a6 4. Ba4 b5 5. Bb3 Na5 6. O-O d6 7. d4 Nxb3 8.
axb3 f6 9. Nc3 Bb7 {At this point Vishy remembered Spassky - Taimanov and
ideas like Nh4 followed by dxe5, Qf3,Rd1 in some order and that later Spassky
sacrificed a piece with Nxb5.} 10. Nh4 Ne7 11. dxe5 dxe5 12. Qf3 Qd7 13. Rd1
Qe6 14. Nd5 {White already has an edge here due to Black's dubious play. Black
has problems with development and after White's last move, the d5 knight will
be cemented on d5 after c4, which'll restrict the b7 bishop severely.} ({
Anand remembered that Spassky had played Be3 here but was worried about} 14.
Be3 g5 $2 (14... h5 $142 15. h3 g5 {And now White doesn't have a check on h5})
15. Nxb5 axb5 16. Qh5+ Qf7 17. Rxa8+ Bxa8 18. Rd8+ Kxd8 19. Qxf7 gxh4 20. Qxf6
Rg8 21. f3 h3 22. g3 Ke8 23. Qxe5 Rg6 24. Qxb5+ Bc6 25. Qb8+ Kf7 26. Qxc7 Rf6
27. Bg5 Re6 28. b4 Kg8 29. Qb8 Ng6 30. Kf2 Ne5 31. b5 Be8 32. Be3 Bd6 33. Qc8
Kf7 34. b6 Rf6 35. Bf4 Bd7 36. b7 Be6 37. Bxe5 Bxe5 38. b8=Q Bxc8 39. Qxe5 {
1-0 (39) Spassky,B-Taimanov,M Moscow 1955}) 14... Nxd5 (14... O-O-O 15. c4) 15.
exd5 Qf7 16. c4 {Vishy considers this move dubious and considers Nf5 better.
However, I am not entirely sure about this evaluation.} (16. Nf5 g6 17. Nh6
Bxh6 18. Bxh6 g5 $1 ({Vishy's line goes} 18... O-O-O 19. c4 Rd7 {which is
considered better for White.}) 19. h4 (19. Qh3 Rg8) 19... gxh4 {would give
counterplay later down the g-file}) 16... Be7 (16... g6 17. Qe2 Bg7 18. f4
O-O-O {Vishy felt that this position offers Black counter play, but I think
Black's just worse after} 19. fxe5 fxe5 20. Nf3 h6 21. Be3) 17. Nf5 Rd8 (17...
O-O 18. Bh6) 18. Be3 g6 ({after} 18... Bc8 {Vishy gives} 19. c5 Bxf5 20. Qxf5
Rxd5 (20... O-O $5 {is less clear}) 21. Qc8+ $18) 19. Nh6 $1 (19. Nxe7 Qxe7 {
is weaker as it lets Black's king off the hook}) 19... Qg7 20. Qg3 $6 (20. cxb5
$142 f5 21. bxa6 Ba8 {Vishy rejected cxb5 after stopping his calculations here.
However, Black has effectively no compensation as after a7, the bishop on a8
is ineffective as almost any counterplay against d5 is followed by a
combination involving the promotion of a-pawn. Vishy goes on to give} 22. Qh3
f4 23. Bd2 Bg5 24. Ng4 h5 25. Nxe5 $18) 20... Bc8 21. h4 Bd6 22. Qf3 {Despite
a slight inaccuracy by White, Black's position is very hard to play as almost
all of Black's pieces are tied up.} Be7 {preparing Rf8...} (22... Rf8 23. c5
Be7 24. d6 $18) 23. Rac1 (23. d6 $1 {would've effectively ended the fight
instantly.} cxd6 (23... Bxd6 24. c5 Be7 25. Qc6+ Bd7 26. Qxc7 $18) 24. cxb5
axb5 25. Bb6 $1 Qxh6 26. Bxd8 Bxd8 27. Ra8 $18) 23... bxc4 24. bxc4 Rf8 25. c5
f5 26. Bg5 Bxg5 27. hxg5 Qe7 28. Qg3 f4 29. Qh4 e4 30. d6 Qe5 31. dxc7 Rxd1+ ({
2.03 Stockfish 281014 64 SSE4.2:} 31... Qxc7 32. Ng4 Bxg4 33. Qxg4 Rf5 34. b4
e3 35. fxe3 Qe5 36. exf4 Qe3+ 37. Kh2 Qxf4+ 38. Qxf4 Rxf4 39. Re1+ Kf7 40. Ra1
Re8 41. Rec1 Rxb4 42. Rxa6 Rg4 43. c6 Rc8 44. Ra7+ Ke6 45. Rxh7 Rxg5) 32. Rxd1
e3 $2 {the decisive mistake} ({20.37 Stockfish 281014 64 SSE4.2:} 32... Qxc7
$142 {it's not so simple here because the knight on h6 which had performed a
fabulous role so far restricting the Black king is not really helping break
through in the center} 33. Ng4 Bxg4 34. Qxg4 Rf5 35. b4 $16) 33. Rd8+ {the
rest of the game is a straightforward win} Ke7 34. Ng8+ Rxg8 35. Rxg8 Be6 36.
c8=Q exf2+ 37. Qxf2 Bxc8 38. Rxc8 1-0

[Event "Asian Continental op 13th"]
[Site "Sharjah"]
[Date "2014.04.22"]
[Round "6"]
[White "Negi, Parimarjan"]
[Black "Idani, Pouya"]
[Result "1-0"]
[WhiteElo "2640"]
[BlackElo "2502"]
[Annotator "Negi,P"]
[PlyCount "65"]
[EventDate "2014.04.17"]
[EventType "swiss"]
[EventRounds "9"]
[EventCountry "UAE"]
[SourceTitle "CBM 160"]
[Source "ChessBase"]
[SourceDate "2014.05.15"]
[SourceVersion "1"]
[SourceVersionDate "2014.05.15"]
[SourceQuality "1"]

1. e4 e5 2. Nf3 Nc6 3. Bb5 a6 (3... Nge7 {appears to be similar to 3...a6... 4.
..Nge7, but actually there is an important difference as White can continue} 4.
O-O g6 ({If} 4... a6 5. Bc4 $1 {is a strong alternative}) 5. d4 $5 {and these
lines have been doing well for White.}) 4. Ba4 Nge7 {Recently, with help from
many strong Grandmasters, this system is becoming a major system to reckon
with - and offers Black a flexible new way to play against the Spanish.} 5. c3
(5. d4 exd4 6. Nxd4 Nxd4 7. Qxd4 Nc6 {seems to be quite ok for Black.}) (5. O-O
g6 6. c3 {is fairly popular as well, but this creates fewer problems for Black
as it's important to delay 0-0 in some of White's recent tries.} (6. d4 exd4 7.
Nxd4 Bg7 $11) 6... Bg7 7. d4 exd4 8. cxd4 b5 9. Bc2 d6 $5 {and White's typical
idea of d5 - Bd2 isn't possible anymore.} (9... O-O 10. d5 Na5 11. Bd2 $1 $14))
(5. Bb3 {is a very different way to deal with this line, but White doesn't
seem to have proved much against} d5 6. exd5 (6. Nc3 Be6 7. Ng5 Nd4 $1 8. O-O
Nxb3 9. axb3 d4 10. Nxe6 fxe6 11. Ne2 d3 12. cxd3 Qxd3 13. b4 Nc6 $17 {0-1 (29)
Pavasovic,D (2563)-Aronian,L (2801) Warsaw 2013}) 6... Nxd5 7. O-O Be6 8. d3
Be7 9. Re1 Bf6 {we get a typical structure similar to the Italian... but it's
hard to say if White has a better version or not. At least in the following
game he did not prove anything:} 10. Nbd2 O-O 11. Ne4 h6 12. h3 Re8 13. Nc5 Na5
14. Ba4 b5 15. Bd2 bxa4 16. Bxa5 Nf4 17. Bd2 a3 18. bxa3 Bd5 19. Ne4 Ng6 20.
Nh2 Be7 $44 {1/2-1/2 (71) Adhiban,B (2609)-Ghaem Maghami,E (2556) Sharjah 2014}
) 5... g6 6. d4 exd4 7. cxd4 b5 8. Bc2 $5 {A recent trend... the idea can be
seen after 8...Bg7.} (8. Bb3 Bg7 {leads to more classical lines that have a
lot of room to be explored for both sides. One point to note is that White can
once again use the d5 - Bd2 idea, but here it's less effective:} 9. d5 Na5 10.
Bd2 c5 $5 (10... Nxb3 11. Qxb3 {might give White a stable edge after Bc3 and
the bishop exchange... unless Black tries the strange looking} c5 12. Bc3 f6 $5
$146 {idea. At first glance things don't look so clear here}) 11. d6 Nec6 {
and we reach an insanely complicated line here.}) 8... d5 $5 {The
counter-trend to deal with the d5 - Bd2 idea.} (8... Bg7 {was the classical
way, but Black has been really suffering after} 9. d5 Na5 10. Bd2 $1 c5 (10...
Bxb2 11. Bxa5 Bxa1 12. Nc3 Bb2 13. d6 Nc6 14. Nd5 O-O 15. Bxc7 Qe8 16. O-O Bb7
17. Re1 f6 18. Qd2 $36 {1-0 (45) Najer,E (2628)-Piorun,K (2551) Germany 2014})
(10... Nc4 11. Bc3 Bxc3+ 12. Nxc3 d6 13. b3 Ne5 14. Nd4 c5 15. dxc6 O-O 16. Nd5
$14 {1-0 (67) Sethuraman,S (2529)-Ghosh,D (2372) Chennai 2012}) 11. Bc3 Bxc3+ (
11... f6 12. b4 cxb4 13. Bxb4 $16 {1-0 (31) Popov,I (2650)-Vavulin,M (2390)
Moscow 2014}) 12. Nxc3 $14) 9. exd5 (9. e5 {is quite comfortable for Black.}
Bg7 10. Nbd2 O-O 11. h3 f6 12. exf6 Rxf6 13. O-O Qf8 14. Re1 h6 $13 {1/2-1/2 
(31) Karjakin,S (2776)-Aronian,L (2808) Monte Carlo 2011}) 9... Nxd5 10. O-O
Be6 $1 {Mamedyarov's idea. Black delays Bf8 development so he can meet Bg5
with ...Qd7.} (10... Bg7 11. Bg5 {leaves Black with an unpleasant decision -
play ...f6, or put the queen on the exposed d6-square.} Qd6 12. Nbd2 O-O 13.
Ne4 Qd7 14. Re1 $14) 11. Nc3 (11. a4 {was played in the original game, but
this was just harmless.} Rb8 12. axb5 axb5 13. Nc3 Bg7 14. Bd3 O-O 15. Nxb5
Ndb4 16. Be2 Bg4 17. Nc3 Bxf3 18. Bxf3 Nxd4 $11 {1/2-1/2 (74) Karjakin,S (2782)
-Mamedyarov,S (2753) Moscow 2013}) (11. Bg5 Qd7 $5 {doesn't achieve anything
specific.} 12. a4 (12. Nc3 {would convert to my game after} Nxc3 13. bxc3 Bg7)
12... Rb8 13. Nbd2 Bg7 14. Ne4 O-O 15. h3 Ndb4 16. Nc5 Qd6 {with almost a
better position for Black in Leko,P (2744)-Mamedyarov,S (2766) Zug 2013}) 11...
Bg7 12. Bg5 Nxc3 $1 (12... Qd7 13. Nxd5 Bxd5 14. Re1+ {is of course dubious.})
13. bxc3 Qd7 {The key position for the assesment of the line.} 14. Be4 $5 $146
{A novelty, but considering it was Houdini's top choice, my opponent didn't
seem too surprised.} (14. Bb3 {doesn't cause any problems.} Bxb3 15. axb3 O-O
16. Re1 h6 17. Bf4 a5 18. Qd3 b4 19. Ne5 Nxe5 20. Bxe5 Rfd8 $11 {1/2-1/2 (55)
Prince,B (2319)-Iordachescu,V (2601) Dubai 2014}) 14... f5 15. Bc2 Na5 (15...
O-O 16. d5 $1 Bxd5 17. Bb3 $16) 16. Ne1 $5 {The first surprise for my opponent.
I embark upon a logical journey for my knight to the d3-square - from where it
can go to c5, or f4, or just be plain annoying.} (16. Bf4 O-O 17. Ne5 Bxe5 18.
Bxe5 Nc4 $11) (16. Re1 O-O 17. Ne5 Bxe5 $1 18. dxe5 (18. Rxe5 Nc4 19. Re2 Rfe8
$11) 18... Qxd1 {seems close to equal.}) 16... O-O 17. Nd3 Bc4 (17... Bd5 18.
h4 $1 Nc4 19. a4 {White isn't in a hurry, and will continue to put pressure on
both the flanks.}) (17... Qc6 18. a4 (18. Qc1 $5) 18... Qxc3 $140 19. Bd2 (19.
axb5 Bxd4 $1 $13) 19... Qxd4 20. Bxa5 Qxa1 21. Qxa1 Bxa1 22. Rxa1 $14) 18. Re1
(18. a4 $5 {would have been a better move order - since after} Rfe8 {I could
first include} 19. axb5 axb5 {and then go for} 20. Re1 Rxe1+ 21. Qxe1 Re8 22.
Ne5 Bxe5 23. dxe5 Nc6 24. f4 $14) 18... Rfe8 19. Rxe8+ (19. a4 Rxe1+ 20. Qxe1
Re8 21. Ne5 {the fact that axb5 hasn't been included is critical here.} Bxe5 (
21... Qd5 22. axb5 Bxe5 23. dxe5 Rxe5 $13) 22. dxe5 Bb3 $1 $11) 19... Rxe8 20.
a4 Nb7 $5 {A good practical choice - trying to get in c5.} 21. axb5 axb5 22.
Ra7 {Trying to create some annoying threats... but Black has a lot of options
of course.} Qc6 (22... Nd6 {was better since Nc5 isn't too dangerous:} 23. Nc5
Qf7 {and Black is very comfortable.}) 23. Ne5 (23. h4 $1 {was my original
intention but I got worried about} Qb6 24. Qa1 c5 {but now White has the simple
} 25. Ra8 $1 $16 {which leaves Black in a mess.}) 23... Bxe5 $1 {Unfortunately
I over-estimated the chances of my dark squared bishop.} 24. dxe5 Nc5 $1 {
The knight is excellent on e6.} 25. h4 Ne6 26. Bb3 $1 {The only move to even
avoid getting worse! Although I was still trying to play for an advantage in
the game.} Nxg5 (26... Bxb3 27. Qxb3 $14) 27. hxg5 Bxb3 (27... Rxe5 28. Qd8+
Re8 29. Bxc4+ bxc4 30. Qxc7 Qxc7 31. Rxc7 $14 {would lead to a long defence
for Black.}) 28. Qxb3+ Kg7 {The correct response, but he did not expect...} 29.
Qd1 $1 {Continuing to create practical problems.} Qxc3 {Again, the correct
defence.} (29... h6 30. Ra6 $1) 30. e6 $5 {Objectively, Black is quite ok -
but things always seem much easier with the engine assesment.} (30. Qd7+ {
was my original idea, but after} Kf8 31. Rxc7 Qe1+ $1 32. Kh2 Qxe5+ 33. g3 Re7
{I couldn't find a way to avoid the draw.}) 30... Re7 $2 (30... Rxe6 31. Qd7+ {
is the idea.}) (30... Qc5 {also holds according to the computer, but it didn't
look very easy to me after options like} 31. Ra6 {at least we have a messy
game ahead still.}) (30... Rd8 $1 {was the best practical defence.} 31. Qe2 $5
{was my plan to try and take advantage of his impending time pressure - but
Black is already quite alright.} (31. Qxd8 Qc1+ $1 32. Kh2 Qf4+ {would be the
normal end.}) 31... h6 {and Black is just fine.}) 31. g3 $2 {I played this
quickly...unable to imagine that I had just missed a brilliant win.} f4 $2 {
And he returns the favour - quickly as well.} (31... h6 $1 {would have saved
the day. I had calculated} 32. Ra8 hxg5 33. Qd8 Qc1+ 34. Kh2 {as winning for
me, but Black has} Kf6 $1 {and apparently White doesn't have much more than a
perpetual check. Still... practically it would of course be hard to defend
with a ticking clock.}) 32. Ra8 $1 {Rg8+ is the threat... but for a long time
I hadn't seen what to do after ...h6.} h6 33. Re8 $1 {A nice finish!} (33. Re8
Rxe8 {would just lead to White winning all the pawns:} (33... Qc5 34. Qa1+ $18)
34. Qd7+ Kh8 35. Qxe8+ Kg7 36. Qf7+ Kh8 37. Qf8+ Kh7 38. Qxh6+ Kg8 39. Qxg6+
$18) 1-0

[Event "Olympiad-23"]
[Site "Buenos Aires"]
[Date "1978.10.27"]
[Round "3"]
[White "Parma, Bruno"]
[Black "Hoen, Ragnar Harald"]
[Result "1-0"]
[WhiteElo "2540"]
[BlackElo "2380"]
[Annotator "Parma,B"]
[PlyCount "57"]
[EventDate "1978.10.25"]
[EventType "team-swiss"]
[EventRounds "14"]
[EventCountry "ARG"]
[SourceTitle "EXT 2000"]
[Source "ChessBase"]
[SourceDate "1999.11.16"]
[SourceVersion "1"]
[SourceVersionDate "1999.11.16"]
[SourceQuality "1"]
[WhiteTeam "Yugoslavia"]
[BlackTeam "Norway"]
[WhiteTeamCountry "YUG"]
[BlackTeamCountry "NOR"]

{Inf.26/276} 1. e4 e5 2. Nf3 Nc6 3. Bb5 a6 4. Ba4 b5 5. Bb3 Na5 6. O-O Nxb3 7.
axb3 d6 8. d4 exd4 (8... f6) 9. Nxd4 Bb7 10. Re1 $1 (10. c4 b4 11. Re1 Ne7 $13)
10... Ne7 11. Nc3 Nc6 (11... Ng6 12. Nf5 $16) 12. Nd5 $1 $16 Nxd4 $2 (12... Be7
13. Nf5 O-O $16) 13. Qxd4 f6 14. Bd2 $1 $18 {[/\ Ba5]} c5 15. Qd3 Be7 (15...
Bxd5 16. exd5+ Be7 (16... Kf7 17. Re6 $18) 17. Rxa6 $18) 16. Ba5 Qd7 17. Nc7+
Kf7 18. Nxa8 Rxa8 19. Rad1 Kg8 20. Bd2 Bf8 21. Bf4 Qe6 22. Qg3 Rd8 23. h4 Rd7
24. Rd3 c4 25. bxc4 Qxc4 26. c3 Qa4 27. Red1 Qb3 28. Bxd6 g6 29. Rd4 1-0

[Event "USA-ch"]
[Site "Saint Louis"]
[Date "2016.04.21"]
[Round "7"]
[White "Xiong, Jeffery"]
[Black "Caruana, Fabiano"]
[Result "1/2-1/2"]
[WhiteElo "2618"]
[BlackElo "2795"]
[Annotator "Schulz,Andre"]
[PlyCount "88"]
[EventDate "2016.04.14"]
[EventType "tourn"]
[EventRounds "11"]
[EventCountry "USA"]
[EventCategory "17"]
[SourceTitle "CBM 172"]
[Source "ChessBase"]
[SourceDate "2016.05.12"]
[SourceVersion "1"]
[SourceVersionDate "2016.05.12"]
[SourceQuality "1"]

1. e4 e5 2. Nf3 Nc6 3. Bb5 a6 4. Ba4 g6 5. d4 exd4 6. Bg5 Be7 7. Bxe7 Ngxe7 8.
Bxc6 Nxc6 9. Nxd4 Qf6 10. c3 O-O 11. O-O b6 12. Qf3 Qxf3 13. Nxf3 Re8 14. Nbd2
d6 15. Rfe1 Bb7 16. Re3 Re7 17. Rae1 Rae8 18. Nf1 a5 19. h3 a4 20. N3d2 Ne5 21.
c4 Kf8 22. f3 h5 23. Ra3 f5 24. Rxa4 Nd3 25. Re3 Bc6 26. Ra7 Nxb2 27. Rb3 Na4
28. exf5 gxf5 29. Ng3 Rf7 30. Nxh5 Re2 31. Nf1 f4 32. Rd3 Nc5 33. Rd2 {[#]
Schwarz hat einen Bauern gegeben, dafür die Initiative erhalten. Weiß muss
eine Lösung für seinen versprengten Springer h5 finden.} Re1 (33... Ree7 $5 {
mit der Idee:} 34. Z0 Rf5 35. g4 fxg3 36. Nhxg3 Rxf3) 34. a4 Rc1 ({Die
Alternative war} 34... Bxa4 $5) 35. Nxf4 {[#] Weiß nutzt die Gelegenheit und
gibt seinen Springer für ein paar Bauern.} Rxf4 36. Rxc7 Be8 (36... Bd7 $5 {
war wohl besser, weil Schwarz dann die 7. Reihe für den König zugänglich
ist. Ob es zum Sieg reicht, ist eine andere Frage.} 37. Rxd6 Rfxc4) 37. Rxd6
Nxa4 38. Rd8 Rcxc4 39. Rh7 Rh4 40. Rb7 Rh6 (40... b5 $4 41. Rbb8 $18) 41. Ne3
Rc1+ 42. Kh2 Nc5 43. Rbb8 Re6 44. Nf5 {An einen Gewinn ist hier für Schwarz
nicht mehr zu denken, Weiß ist viel zu aktiv.} Rce1 1/2-1/2

[Event "Taastrup"]
[Site "Taastrup"]
[Date "1990.??.??"]
[Round "8"]
[White "Brynell, Stellan"]
[Black "Bronstein, David Ionovich"]
[Result "1-0"]
[WhiteElo "2430"]
[BlackElo "2445"]
[Annotator "Schussler,H"]
[PlyCount "88"]
[EventDate "1990.02.??"]
[EventType "tourn"]
[EventRounds "9"]
[EventCountry "DEN"]
[EventCategory "9"]
[SourceTitle "CBM 020"]
[Source "ChessBase"]
[SourceDate "1991.02.01"]
[SourceVersion "1"]
[SourceVersionDate "1991.02.01"]
[SourceQuality "1"]

1. e4 e5 2. Nf3 Nc6 3. Bb5 a6 4. Ba4 f5 5. d4 exd4 6. e5 Bc5 7. O-O Nge7 8. Bb3
d5 9. exd6 Qxd6 10. Re1 h6 11. Nbd2 Qf6 12. Nc4 g5 13. Nce5 Kf8 14. c3 dxc3 15.
bxc3 Kg7 16. Nd3 (16. Nf7 {16.c4!?} Rh7 17. Bb2 Kf8 18. N3e5 $16 {Ivkov-Fichtl,
Dresden 1959}) 16... Rd8 17. Qe2 b6 18. Nxc5 bxc5 19. Ba3 Ng6 20. Bxc5 Nf4 21.
Qc4 $16 Na5 22. Re7+ Qxe7 23. Bxe7 Nxc4 24. Bxd8 Be6 25. Bxc7 Nd5 26. Nd4 Bd7
27. Bxc4 Nxc7 28. Rb1 Nb5 29. a4 Nd6 {29. - Nxd4 30.Rb7} 30. Bd3 Kf6 31. Rb6
Ke5 32. Bxa6 Bxa4 33. g3 f4 34. Kf1 Kd5 35. Ke2 $2 Kc5 36. Rxd6 Kxd6 37. Bd3
Ke5 $19 38. Kf3 Bd1+ 39. Kg2 Rc8 40. Nb5 f3+ 41. Kf1 Rc5 42. Ke1 Ba4 43. Nd4 g4
44. h3 Rxc3 1-0

[Event "Nordic zt"]
[Site "Ostersund"]
[Date "1992.??.??"]
[Round "1"]
[White "Ernst, Thomas"]
[Black "Gausel, Einar"]
[Result "1-0"]
[WhiteElo "2570"]
[BlackElo "2485"]
[Annotator "Schussler,H"]
[PlyCount "97"]
[EventDate "1992.??.??"]
[EventType "swiss"]
[EventRounds "9"]
[EventCountry "NOR"]
[SourceTitle "CBM 031"]
[Source "ChessBase"]
[SourceDate "1992.12.01"]
[SourceVersion "1"]
[SourceVersionDate "1992.12.01"]
[SourceQuality "1"]

1. e4 {Tisdall} e5 2. Nf3 Nc6 3. Bb5 a6 4. Ba4 b5 5. Bb3 Na5 6. O-O d6 7. d4 f6
8. Bxg8 Rxg8 9. b4 $5 {New. White intends to create play on the Q-side.} Nc4
10. Nbd2 Nxd2 11. Qxd2 Bb7 12. Re1 a5 $6 {More solid is a move like 12. - Qd7.}
13. bxa5 c5 14. dxc5 dxc5 15. Qe2 $1 Qxa5 16. Nxe5 $1 $16 O-O-O $1 (16... fxe5
17. Qh5+ g6 18. Qxe5+ Kf7 {Or 18. - Be7 19.Bg5.} (18... Be7 {Tisdall} 19. Bg5
Qd8 20. Rad1) 19. Rd1 (19. Bg5 {Tisdall} Rg7 $1 {--Gausel.}) 19... Rd8 $6 20.
Bg5 Rxd1+ 21. Rxd1 Rg7 22. Rd7+ Kg8 23. Rxg7+ Bxg7 24. Qe6+ $18 {(Tisdall,J)})
17. Nf3 Bd6 18. Bb2 Rge8 19. e5 fxe5 20. Nxe5 Kb8 21. Rab1 Ka8 22. a3 Re7 23.
Rbd1 Bxe5 24. Rxd8+ Qxd8 25. Bxe5 Qd5 26. f3 g5 27. Qe3 $1 g4 28. Qc3 $1 Bc6
29. Qa5+ Kb7 30. c4 $1 Qxc4 31. Qd8 Re6 32. a4 $1 b4 33. a5 Bd5 34. a6+ $1 $18
Kc6 35. a7 Kb5 36. Qd7+ Bc6 37. Qxc6+ Rxc6 38. a8=Q gxf3 39. Qb7+ Rb6 40. Qxf3
b3 41. Ra1 Qc2 42. Qa8 Kc4 43. Qg8+ Kb5 44. Qe8+ Kc4 45. Qf7+ Kb5 46. Qd7+ Kc4
47. Rf1 Qe4 48. Rc1+ Kb4 49. Bc3+ 1-0